书目信息 |
| 题名: |
学报研究文选
|
|
| 作者: | 范君石 主编 | |
| 分册: | ||
| 出版信息: | 天津 天津人民出版社 1995 |
|
| 页数: | 310页 | |
| 开本: | 20cm | |
| 丛书名: | ||
| 单 册: | ||
| 中图分类: | G232-53 | |
| 科图分类: | ||
| 主题词: | 编辑工作,学报--文集 | |
| 电子资源: | ||
| ISBN: | 7-201-02322-5 | |
| 000 | 00559nam0 2200193 450 | |
| 001 | 0760459727 | |
| 005 | 20070730120449.64 | |
| 010 | @a7-201-02322-5@dCNY9.80 | |
| 100 | @a20070712d1995 km y0chiy0120 ea | |
| 101 | 0 | @achi |
| 102 | @aCN@b120000 | |
| 200 | 1 | @a学报研究文选@Axue bao yan jiu wen xuan@f范君石等主编@Ffan jun shi deng zhu bian |
| 210 | @a天津@c天津人民出版社@d1995 | |
| 215 | @a310页@d20cm | |
| 606 | 0 | @a编辑工作,学报@x文集 |
| 690 | @aG232-53@v3 | |
| 701 | 0 | @a范君石@Afan jun shi@4主编 |
| 801 | 0 | @aCN@bPFT@c20070730 |
| 905 | @a10447@dG232-53@e43 | |
| 学报研究文选/范君石等主编.-天津:天津人民出版社,1995 |
| 310页;20cm |
| ISBN 7-201-02322-5:CNY9.80 |
| ● |
| 相关链接 |
|
|
|
|
正题名:学报研究文选
索取号:G232-53/43
 
预约/预借
| 序号 | 登录号 | 条形码 | 馆藏地/架位号 | 状态 | 备注 |
| 1 | 0766421 | 207664213 | 密集书库/ [索取号:G232-53/43] | 在馆 | |
| 2 | 0767235 | 207672357 | 密集书库/ [索取号:G232-53/43] | 在馆 | |
| 3 | 0769952 | 207699524 | 第一样本阅览室/ [索取号:G232-53/43] | 在馆 | |
| 4 | 0779650 | 207796508 | 密集书库/ [索取号:G232-53/43] | 在馆 |